[Event "Olomouc Friendship"]
[Site "Olomouc"]
[Date "2008.03.22"]
[Round "7"]
[White "Kotan, Ladislav"]
[Black "Pacher, Milan"]
[Result "1-0"]
[WhiteElo "2334"]
[BlackElo "2325"]
[PlyCount "63"]
[EventDate "2008.03.19"]
[EventType "tourn"]
[EventRounds "9"]
[EventCountry "CZE"]
[EventCategory "2"]
[SourceTitle "EXT 2010"]
[Source "ChessBase"]
[SourceDate "2010.11.25"]
[SourceVersion "1"]
[SourceVersionDate "2010.11.25"]
[SourceQuality "1"]

1. e4 c5 2. Nf3 Nc6 3. Bb5 d6 4. 0-0 Bd7 5. c3 Nf6 6. Re1 a6 7. Ba4 b5 8. Bc2 Bg4 9. d3 e6 10. Nbd2 Be7 11. h3 Bh5 12. Nf1 Ne5 13. g4 Nxf3+ 14. Qxf3 Bg6 15. Qe2 Nd7 16. f4 h5 17. d4 hxg4 18. hxg4 cxd4 19. cxd4 Kf8 20. f5 exf5 21. exf5 Bh7 22. Be4 Rb8 23. Bf4 g5 24. Bg3 Kg7 25. Ne3 Nb6 26. Rac1 f6 27. Nd5 Bg8 28. Qg2 Bf8 29. Rc7+ Bf7 30. Rec1 Rh7 31. Nxb6 Rxb6 32. Rc8 1-0

[Event "Olomouc Friendship"]
[Site "Olomouc"]
[Date "2008.03.20"]
[Round "4"]
[White "Volodin, Viktor Nikolaevich"]
[Black "Kotan, Ladislav"]
[Result "1/2-1/2"]
[WhiteElo "2233"]
[BlackElo "2334"]
[PlyCount "156"]
[EventDate "2008.03.19"]
[EventType "tourn"]
[EventRounds "9"]
[EventCountry "CZE"]
[EventCategory "2"]
[SourceTitle "EXT 2010"]
[Source "ChessBase"]
[SourceDate "2010.11.25"]
[SourceVersion "1"]
[SourceVersionDate "2010.11.25"]
[SourceQuality "1"]

1. Nf3 d5 2. d4 Nf6 3. c4 e6 4. g3 dxc4 5. Bg2 Nbd7 6. Nbd2 Nb6 7. Nxc4 Nxc4 8. Qa4+ Bd7 9. Qxc4 Bc6 10. 0-0 Be7 11. Bd2 0-0 12. Bb4 Bd5 13. Bxe7 Qxe7 14. Qc2 Rac8 15. Rac1 b6 16. Ne5 Bxg2 17. Kxg2 c5 18. Nf3 Qb7 19. dxc5 Rxc5 20. Qa4 Rfc8 21. Rxc5 Rxc5 22. Rd1 h6 23. Rd8+ Kh7 24. Qd1 Qe4 25. Rf8 Rc2 26. Rxf7 Kg6 27. Rxa7 Rxb2 28. Qd4 Rxe2 29. Qxe4+ Nxe4 30. Ne5+ Kf5 31. Nd3 Rd2 32. Rf7+ Kg6 33. Ne5+ Kh7 34. Nc4 Rc2 35. Nxb6 Rxa2 36. Nc4 Kg8 37. Rf4 Nf6 38. Rd4 Nd5 39. Re4 Kf7 40. Ne5+ Ke7 41. Nf3 Kf6 42. h3 g5 43. Kf1 Ra3 44. Kg2 Ne7 45. Re2 Ng6 46. Nd2 e5 47. Ne4+ Kf5 48. Nd6+ Ke6 49. Ne4 Ne7 50. Rb2 Nd5 51. Rc2 Nb4 52. Rd2 Kf5 53. Nd6+ Ke6 54. Nb5 Ra5 55. Nc7+ Ke7 56. Rb2 Nd3 57. Rd2 e4 58. f3 Ne1+ 59. Kf2 Nxf3 60. Re2 Re5 61. Ke3 h5 62. Nd5+ Ke6 63. Nc3 g4 64. hxg4 hxg4 65. Kf4 Rf5+ 66. Kxe4 Kf6 67. Rb2 Ng5+ 68. Kd4 Ne6+ 69. Ke4 Re5+ 70. Kd3 Re1 71. Rf2+ Kg6 72. Ne4 Ng5 73. Rf6+ Kg7 74. Rf4 Nxe4 75. Rxe4 Ra1 76. Ke3 Rf1 77. Rxg4+ Kh6 78. Rf4 Ra1 1/2-1/2

[Event "SVK-chT2D 0708"]
[Site "Slovakia"]
[Date "2008.03.08"]
[Round "10.5"]
[White "Kotan, Ladislav"]
[Black "Bemak, Mikhail"]
[Result "1-0"]
[WhiteElo "2329"]
[BlackElo "2127"]
[PlyCount "117"]
[EventDate "2007.10.06"]
[EventType "team-tourn"]
[EventRounds "11"]
[EventCountry "SVK"]
[SourceTitle "EXT 2010"]
[Source "ChessBase"]
[SourceDate "2010.11.25"]
[SourceVersion "1"]
[SourceVersionDate "2010.11.25"]
[SourceQuality "1"]
[WhiteTeam "Svit SO"]
[BlackTeam "Velke Kapusany Energetik"]
[WhiteTeamCountry "SVK"]
[BlackTeamCountry "SVK"]

1. e4 c5 2. Nf3 d6 3. Bc4 Nc6 4. Qe2 Nf6 5. h3 e6 6. Bb3 Be7 7. c3 Qc7 8. 0-0 0-0 9. d4 b6 10. Rd1 cxd4 11. cxd4 Bb7 12. Nc3 a6 13. Bf4 Na5 14. Bc2 Rac8 15. Rac1 Qb8 16. Bb1 b5 17. Nd2 Rfd8 18. a3 Qa7 19. Be3 Qa8 20. f3 Nd7 21. Ba2 d5 22. e5 Nc4 23. Nxc4 dxc4 24. Bb1 Nb6 25. Qc2 g6 26. Ne4 Nd5 27. Bh6 b4 28. axb4 Nxb4 29. Qe2 Bxe4 30. Bxe4 Qb8 31. Rxc4 Qb5 32. b3 Nd5 33. Qc2 Rb8 34. Bxd5 exd5 35. Rc7 Bf8 36. Bxf8 Rxf8 37. Rd3 a5 38. Rc5 Qb4 39. Qc3 Qxc3 40. Rdxc3 Rfd8 41. Rxa5 Rb4 42. Rd3 Kf8 43. Kf2 Ke7 44. Ke3 Ke6 45. Ra6+ Ke7 46. Ra7+ Ke6 47. Rc3 Rb6 48. Rac7 Rdb8 49. R7c6+ Rxc6 50. Rxc6+ Ke7 51. Rc3 Rb6 52. g4 h6 53. f4 Ke6 54. Kd2 f6 55. Rf3 Ra6 56. f5+ gxf5 57. Rxf5 fxe5 58. Rxe5+ Kd6 59. Rh5 1-0

[Event "SVK-chT2D 0708"]
[Site "Slovakia"]
[Date "2008.01.12"]
[Round "7.5"]
[White "Kotan, Ladislav"]
[Black "Pejko, Otomar"]
[Result "1-0"]
[WhiteElo "2329"]
[BlackElo "2212"]
[PlyCount "79"]
[EventDate "2007.10.06"]
[EventType "team-tourn"]
[EventRounds "11"]
[EventCountry "SVK"]
[SourceTitle "EXT 2010"]
[Source "ChessBase"]
[SourceDate "2010.11.25"]
[SourceVersion "1"]
[SourceVersionDate "2010.11.25"]
[SourceQuality "1"]
[WhiteTeam "Svit SO"]
[BlackTeam "Spisska Nova Ves"]
[WhiteTeamCountry "SVK"]
[BlackTeamCountry "SVK"]

1. e4 Nf6 2. e5 Nd5 3. d4 d6 4. c4 Nb6 5. exd6 exd6 6. Nc3 Be7 7. Bd3 Nc6 8. Nge2 Bf6 9. Be3 Bg4 10. f3 Bh4+ 11. Ng3 Bh5 12. 0-0 Bg6 13. b3 Nb4 14. Bxg6 hxg6 15. d5 Na6 16. Qd2 Nd7 17. Nge4 Nac5 18. Nxc5 Nxc5 19. b4 Nd7 20. g3 Be7 21. Rae1 Kf8 22. f4 Nf6 23. Re2 Qd7 24. Rfe1 Ng8 25. Bd4 a5 26. a3 axb4 27. axb4 Bf6 28. Ne4 Bxd4+ 29. Qxd4 Nh6 30. Ng5 Nf5 31. Qe4 c6 32. g4 Nh6 33. h3 Nxg4 34. hxg4 Qxg4+ 35. Rg2 Qf5 36. dxc6 Qxe4 37. Nxe4 bxc6 38. Nxd6 Rh4 39. Rge2 Rg4+ 40. Kh2 1-0

[Event "SVK-chT2D 0708"]
[Site "Slovakia"]
[Date "2007.11.04"]
[Round "4.51"]
[White "Ackerman, Ernest"]
[Black "Kotan, Ladislav"]
[Result "0-1"]
[WhiteElo "2177"]
[BlackElo "2329"]
[PlyCount "73"]
[EventDate "2007.10.06"]
[EventType "team-tourn"]
[EventRounds "11"]
[EventCountry "SVK"]
[SourceTitle "EXT 2010"]
[Source "ChessBase"]
[SourceDate "2010.11.25"]
[SourceVersion "1"]
[SourceVersionDate "2010.11.25"]
[SourceQuality "1"]
[WhiteTeam "Kosice Dynamo"]
[BlackTeam "Svit SO"]
[WhiteTeamCountry "SVK"]
[BlackTeamCountry "SVK"]

1. c4 e6 2. g3 d5 3. Bg2 Nf6 4. Nf3 dxc4 5. 0-0 Nbd7 6. Qa4 a6 7. Qxc4 c5 8. d4 b5 9. Qd3 c4 10. Qc2 Bb7 11. Nbd2 Be7 12. e4 0-0 13. e5 Nd5 14. a3 Rc8 15. Ne4 h6 16. Bd2 Re8 17. Nc3 N7b6 18. Rad1 Nxc3 19. Bxc3 Nd5 20. Ne1 a5 21. Ra1 Qb6 22. Nf3 b4 23. axb4 axb4 24. Bd2 b3 25. Qb1 Bb4 26. Bxb4 Nxb4 27. Rd1 Nc2 28. Ra4 Ba6 29. d5 Bb5 30. Ra1 exd5 31. Rxd5 Rcd8 32. Rxd8 Rxd8 33. h4 Bc6 34. Qc1 Nxa1 35. Qxa1 c3 36. bxc3 b2 37. Qb1 0-1

[Event "SVK-chT 0708"]
[Site "Slovakia"]
[Date "2007.10.21"]
[Round "2"]
[White "Kotan, Ladislav"]
[Black "Rigo, Zsolt"]
[Result "1-0"]
[WhiteElo "2329"]
[BlackElo "2401"]
[PlyCount "77"]
[EventDate "2007.10.20"]
[EventType "team-tourn"]
[EventRounds "11"]
[EventCountry "SVK"]
[SourceTitle "EXT 2019"]
[Source "ChessBase"]
[SourceDate "2018.10.10"]
[SourceVersion "1"]
[SourceVersionDate "2018.10.10"]
[SourceQuality "1"]
[WhiteTeam "Kezmarok"]
[BlackTeam "Komarno"]
[WhiteTeamCountry "SVK"]
[BlackTeamCountry "SVK"]

1. e4 Nf6 2. d3 e5 3. Nf3 Nc6 4. c3 d5 5. Nbd2 a5 6. Be2 g6 7. 0-0 Bg7 8. Re1 0-0 9. Bf1 Re8 10. Qc2 a4 11. g3 h6 12. Bg2 Be6 13. h3 Ra6 14. Bf1 d4 15. c4 Nd7 16. Nb1 Nc5 17. Na3 Qd7 18. Kh2 f5 19. Bd2 g5 20. Bg2 Rf8 21. Rf1 fxe4 22. dxe4 d3 23. Qc1 Nxe4 24. Bc3 Bf5 25. Nb5 Nd4 26. Bxd4 exd4 27. Nd2 Nc5 28. b4 axb3 29. axb3 c6 30. Rxa6 Nxa6 31. Na3 Re8 32. c5 Kh8 33. b4 Nxb4 34. Nac4 Bg6 35. Nd6 Rf8 36. Qb2 Na6 37. Qxb7 Nxc5 38. Qxc6 Qxc6 39. Bxc6 1-0

[Event "SVK-chT 0708"]
[Site "Slovakia"]
[Date "2007.10.20"]
[Round "1"]
[White "Farkas, Gabor"]
[Black "Kotan, Ladislav"]
[Result "0-1"]
[WhiteElo "2333"]
[BlackElo "2329"]
[PlyCount "70"]
[EventDate "2007.10.20"]
[EventType "team-tourn"]
[EventRounds "11"]
[EventCountry "SVK"]
[SourceTitle "EXT 2019"]
[Source "ChessBase"]
[SourceDate "2018.10.10"]
[SourceVersion "1"]
[SourceVersionDate "2018.10.10"]
[SourceQuality "1"]
[WhiteTeam "Dunajska Streda"]
[BlackTeam "Kezmarok"]
[WhiteTeamCountry "SVK"]
[BlackTeamCountry "SVK"]

1. e4 e5 2. Nf3 Nc6 3. Bc4 Be7 4. d4 d6 5. c3 Nf6 6. Qe2 Bg4 7. d5 Nb8 8. h3 Bh5 9. Bd3 c6 10. c4 Nbd7 11. Be3 Qa5+ 12. Nbd2 Nc5 13. b4 Qxb4 14. Rb1 Bxf3 15. gxf3 Qa3 16. Bxc5 dxc5 17. f4 Bd6 18. Rg1 0-0 19. Kd1 Rfe8 20. Rb3 Qxa2 21. f5 Rab8 22. Bb1 Qa4 23. Bc2 Qa1+ 24. Nb1 b5 25. Ra3 Qd4+ 26. Rd3 Qxc4 27. dxc6 Rbd8 28. Nd2 Qa2 29. Rdg3 Qa1+ 30. Bb1 Bf8 31. Kc1 c4 32. Qe3 Rd3 33. Rxg7+ Bxg7 34. Qg5 Qc3+ 35. Bc2 Qxd2+ 0-1

[Event "Tatry op"]
[Site "Tatranske Zruby"]
[Date "2007.09.28"]
[Round "8"]
[White "Tropp, Frantisek"]
[Black "Kotan, Ladislav"]
[Result "0-1"]
[WhiteElo "2131"]
[BlackElo "2279"]
[PlyCount "53"]
[EventDate "2007.09.22"]
[EventType "swiss"]
[EventRounds "9"]
[EventCountry "SVK"]
[SourceTitle "CBM 120 Extra"]
[Source "ChessBase"]
[SourceDate "2007.11.01"]
[SourceVersion "1"]
[SourceVersionDate "2007.11.01"]
[SourceQuality "1"]

1. e4 e5 2. Nf3 Nc6 3. Bb5 Nf6 4. 0-0 d6 5. d4 exd4 6. Nxd4 Bd7 7. Bxc6 bxc6 8. c4 Be7 9. Nc3 0-0 10. f3 Re8 11. Re1 c5 12. Nde2 Be6 13. Nd5 Nxd5 14. cxd5 Bd7 15. Qc2 Bh4 16. g3 Bf6 17. Bd2 Rb8 18. Bc3 Bxc3 19. Nxc3 f5 20. a3 Qf6 21. Rab1 fxe4 22. fxe4 Bh3 23. Qf2 Qe7 24. Qe2 Qe5 25. Nd1 Rb3 26. Nf2 Rxg3+ 27. Kh1 0-1

[Event "Tatry op"]
[Site "Tatranske Zruby"]
[Date "2007.09.27"]
[Round "7"]
[White "Kotan, Ladislav"]
[Black "Chovanec, Milan"]
[Result "1/2-1/2"]
[WhiteElo "2279"]
[BlackElo "2197"]
[PlyCount "117"]
[EventDate "2007.09.22"]
[EventType "swiss"]
[EventRounds "9"]
[EventCountry "SVK"]
[SourceTitle "CBM 120 Extra"]
[Source "ChessBase"]
[SourceDate "2007.11.01"]
[SourceVersion "1"]
[SourceVersionDate "2007.11.01"]
[SourceQuality "1"]

1. e4 c6 2. d3 d5 3. Nd2 e5 4. Ngf3 Bd6 5. c3 Nf6 6. Be2 0-0 7. 0-0 Re8 8. Re1 Nbd7 9. Qc2 a5 10. Nf1 h6 11. Ng3 Nf8 12. h3 Ng6 13. Bf1 a4 14. Nf5 Bf8 15. Bd2 Be6 16. g4 Qd7 17. Red1 Qc7 18. Be3 b6 19. Bg2 dxe4 20. dxe4 b5 21. g5 hxg5 22. Nxg5 Nf4 23. Nxe6 fxe6 24. Ng3 Red8 25. Bf1 c5 26. Rxd8 Rxd8 27. c4 b4 28. Qxa4 Nh7 29. Bg2 Ng5 30. Kh2 Rd3 31. Rd1 Qd8 32. Rxd3 Qxd3 33. Qb3 Qxb3 34. axb3 Nf7 35. Bf3 Nd8 36. Bg4 Kf7 37. Ne2 Nxe2 38. Bxe2 Nc6 39. h4 Nd4 40. Bd1 g6 41. Kg3 Bg7 42. Kg4 Bf6 43. Bh6 Be7 44. f4 Bd6 45. fxe5 Bxe5 46. Bg5 Nc6 47. Be3 Bd4 48. Bxd4 Nxd4 49. Kf4 Kf6 50. e5+ Kg7 51. Bg4 Kf7 52. Bd1 Kg7 53. Kg5 Nc6 54. Kf4 Nd4 55. Bg4 Kf7 56. h5 gxh5 57. Bxh5+ Ke7 58. Bd1 Nc6 59. Ke4 1/2-1/2

[Event "Tatry op"]
[Site "Tatranske Zruby"]
[Date "2007.09.26"]
[Round "6"]
[White "Hanko, Pavol"]
[Black "Kotan, Ladislav"]
[Result "1/2-1/2"]
[WhiteElo "2163"]
[BlackElo "2279"]
[PlyCount "141"]
[EventDate "2007.09.22"]
[EventType "swiss"]
[EventRounds "9"]
[EventCountry "SVK"]
[SourceTitle "CBM 120 Extra"]
[Source "ChessBase"]
[SourceDate "2007.11.01"]
[SourceVersion "1"]
[SourceVersionDate "2007.11.01"]
[SourceQuality "1"]

1. d4 d5 2. Nf3 Bf5 3. b3 e6 4. e3 Be7 5. Bd3 Bxd3 6. Qxd3 Nd7 7. 0-0 Ngf6 8. Nbd2 0-0 9. e4 dxe4 10. Nxe4 c6 11. Ng3 Qc7 12. Re1 Rfd8 13. Bb2 a5 14. Qe2 a4 15. Ne5 Nf8 16. Rad1 axb3 17. axb3 Ra2 18. Rb1 Ng6 19. Qc4 Bd6 20. Qe2 Bb4 21. Red1 Bd6 22. Re1 Ba3 23. Bxa3 Rxa3 24. Rbd1 Ra2 25. Ne4 Nd5 26. Nxg6 hxg6 27. Rd2 Qf4 28. g3 Qf5 29. Kg2 Nf6 30. Nxf6+ gxf6 31. Red1 Rb2 32. Qf3 Qd5 33. Qxd5 cxd5 34. Ra1 g5 35. Ra7 Rd7 36. Ra8+ Kg7 37. Rc8 b6 38. Rc6 g4 39. h3 gxh3+ 40. Kxh3 Ra7 41. Rxb6 Rc7 42. Kg2 Rc3 43. Rb5 f5 44. Kf1 Rcxc2 45. Rxc2 Rxc2 46. Kg2 Rd2 47. Rb4 Rd3 48. Kf1 f4 49. gxf4 Rf3 50. Ke2 Rxf4 51. Ke3 Rh4 52. Rb8 f6 53. b4 Kg6 54. b5 Kf5 55. b6 Rh1 56. b7 Rb1 57. Kd3 Rb3+ 58. Kc2 Rb5 59. Kd3 Rb6 60. Kc3 Ke4 61. Re8 Rxb7 62. Rxe6+ Kf5 63. Rd6 Rb5 64. Kd3 Ra5 65. Ke2 Ke4 66. Rxf6 Ra2+ 67. Ke1 Kxd4 68. f4 Kd3 69. f5 Ra4 70. Kf2 d4 71. Rc6 1/2-1/2

[Event "Tatry op"]
[Site "Tatranske Zruby"]
[Date "2007.09.24"]
[Round "4"]
[White "Janos, Ivan"]
[Black "Kotan, Ladislav"]
[Result "0-1"]
[WhiteElo "2120"]
[BlackElo "2279"]
[PlyCount "106"]
[EventDate "2007.09.22"]
[EventType "swiss"]
[EventRounds "9"]
[EventCountry "SVK"]
[SourceTitle "CBM 120 Extra"]
[Source "ChessBase"]
[SourceDate "2007.11.01"]
[SourceVersion "1"]
[SourceVersionDate "2007.11.01"]
[SourceQuality "1"]

1. e4 e5 2. Nf3 Nc6 3. Bb5 a6 4. Ba4 Nf6 5. 0-0 Be7 6. Re1 b5 7. Bb3 d6 8. c3 0-0 9. h3 Bb7 10. d3 Na5 11. Bc2 c5 12. Nbd2 Qc7 13. Nf1 h6 14. Bd2 Rfe8 15. Ne3 Bf8 16. Nh2 Bc8 17. Nhg4 Nxg4 18. hxg4 Be6 19. Nf5 f6 20. b4 Nc6 21. Bb3 Qf7 22. bxc5 dxc5 23. Bxe6 Qxe6 24. Ne3 Ne7 25. c4 Red8 26. Nd5 Nxd5 27. exd5 Qd7 28. Qf3 Rdb8 29. Qe4 Bd6 30. Re3 Ra7 31. Rh3 Qf7 32. g3 Bf8 33. Kg2 g5 34. Rah1 Qh7 35. Qf3 Rf7 36. Bc3 Qg6 37. Re1 b4 38. Bb2 a5 39. Qe4 Qxe4+ 40. dxe4 a4 41. f4 a3 42. Ba1 Bg7 43. fxe5 fxe5 44. Rc1 b3 45. axb3 Rxb3 46. Rc3 Rfb7 47. Rh1 Rxc3 48. Bxc3 Rb3 49. Rc1 a2 50. Ba1 Rb1 51. Rf1 Bf8 52. Kf2 Bd6 53. Ke2 Kg7 0-1

[Event "Uzhgorod Spring op"]
[Site "Uzhgorod"]
[Date "2007.05.27"]
[Round "7"]
[White "Kotan, Ladislav"]
[Black "Bernadskiy, Vitaliy"]
[Result "1-0"]
[WhiteElo "2289"]
[BlackElo "2250"]
[PlyCount "57"]
[EventDate "2007.05.24"]
[EventType "swiss"]
[EventRounds "7"]
[EventCountry "UKR"]
[SourceTitle "CBM 118 Extra"]
[Source "ChessBase"]
[SourceDate "2007.07.04"]
[SourceVersion "1"]
[SourceVersionDate "2007.07.04"]
[SourceQuality "1"]

1. e4 e6 2. d3 d5 3. Nd2 c5 4. c3 Nc6 5. Ngf3 Nf6 6. Be2 Be7 7. 0-0 0-0 8. Re1 b5 9. e5 Nd7 10. d4 Qb6 11. Bd3 b4 12. c4 Ba6 13. Qc2 g6 14. cxd5 Bxd3 15. Qxd3 exd5 16. e6 fxe6 17. Rxe6 Bf6 18. Qb3 c4 19. Nxc4 Nxd4 20. Nxb6 Nxb3 21. Nxd7 Nxa1 22. Nxf6+ Kf7 23. Ng5+ Kg7 24. Nxd5 Rae8 25. Be3 b3 26. axb3 Nxb3 27. Rd6 Rf5 28. Rd7+ Kg8 29. Ne7+ 1-0

[Event "HUN-chT2 Maroczy 0607"]
[Site "Hungary"]
[Date "2007.05.06"]
[Round "10"]
[White "Kotan, Ladislav"]
[Black "Toth, Janos"]
[Result "1-0"]
[WhiteElo "2297"]
[BlackElo "2187"]
[PlyCount "97"]
[EventDate "2006.11.12"]
[EventType "team"]
[EventRounds "11"]
[EventCountry "HUN"]
[SourceTitle "EXT 2008"]
[Source "ChessBase"]
[SourceDate "2007.11.25"]
[SourceVersion "1"]
[SourceVersionDate "2007.11.25"]
[SourceQuality "1"]
[WhiteTeam "Sarospatak"]
[BlackTeam "DEAC"]
[WhiteTeamCountry "HUN"]
[BlackTeamCountry "HUN"]

1. e4 e5 2. Nf3 Nc6 3. Bc4 Nf6 4. d3 Be7 5. 0-0 0-0 6. Re1 d6 7. c3 a6 8. Bb3 Bg4 9. h3 Bh5 10. Nbd2 d5 11. Qe2 d4 12. Nf1 Qd7 13. Ng3 Bg6 14. Nh4 dxc3 15. bxc3 Rad8 16. Bc2 b5 17. Nhf5 Bc5 18. Bg5 Be7 19. h4 h6 20. Be3 Ba3 21. Rab1 Bxf5 22. Nxf5 Ne7 23. g4 Nxf5 24. gxf5 Qc6 25. Kh1 Bc5 26. Bd2 Qb6 27. Rg1 Kh7 28. Rg2 Rg8 29. f4 Rde8 30. fxe5 Rxe5 31. d4 Bxd4 32. cxd4 Qxd4 33. Bf4 Re7 34. Rd1 Qb4 35. Re1 Rge8 36. Reg1 Rg8 37. a3 Qd4 38. Rd1 Qc3 39. Rg3 Qb2 40. e5 Kh8 41. Rb3 Qa2 42. Qg2 Nh5 43. Bh2 c5 44. Rbd3 b4 45. Rd8 Ree8 46. Rxe8 Rxe8 47. Ba4 Qxg2+ 48. Kxg2 Rc8 49. Bd7 1-0

[Event "SVK-chT1E 0607"]
[Site "Slovakia"]
[Date "2007.03.24"]
[Round "10.2"]
[White "Kotan, Ladislav"]
[Black "Mrva, Martin"]
[Result "0-1"]
[WhiteElo "2297"]
[BlackElo "2485"]
[PlyCount "72"]
[EventDate "2006.10.07"]
[EventType "team-tourn"]
[EventRounds "11"]
[EventCountry "SVK"]
[SourceTitle "EXT 2008"]
[Source "ChessBase"]
[SourceDate "2007.11.25"]
[SourceVersion "1"]
[SourceVersionDate "2007.11.25"]
[SourceQuality "1"]
[WhiteTeam "Svit SO"]
[BlackTeam "Dunajov Inbest"]
[WhiteTeamCountry "SVK"]
[BlackTeamCountry "SVK"]

1. e4 c5 2. Nf3 b6 3. Bc4 Bb7 4. d3 g6 5. c3 Bg7 6. 0-0 e6 7. Re1 Ne7 8. Bb3 f5 9. Bg5 0-0 10. Qd2 Nbc6 11. Bh6 Na5 12. Bc2 fxe4 13. dxe4 Nc4 14. Qc1 d5 15. Bxg7 Kxg7 16. b3 Nd6 17. Ng5 Bc8 18. Nd2 Nc6 19. Ngf3 Bb7 20. Qd1 Nb5 21. Nb1 d4 22. c4 Nc3 23. Qd3 Nb4 24. Qd2 Nbxa2 25. Ng5 Qe7 26. e5 Nb4 27. Be4 Nxe4 28. Nxe4 Bxe4 29. Rxe4 Rf5 30. f4 Qb7 31. Re1 Raf8 32. Rf1 g5 33. g3 gxf4 34. Rxf4 Rxf4 35. gxf4 Kh8 36. Qf2 Rg8+ 0-1

[Event "SVK-chT1E 0607"]
[Site "Slovakia"]
[Date "2007.02.10"]
[Round "8.4"]
[White "Kotan, Ladislav"]
[Black "Frindt, Kornel"]
[Result "1-0"]
[WhiteElo "2297"]
[BlackElo "2212"]
[PlyCount "109"]
[EventDate "2006.10.07"]
[EventType "team-tourn"]
[EventRounds "11"]
[EventCountry "SVK"]
[SourceTitle "EXT 2008"]
[Source "ChessBase"]
[SourceDate "2007.11.25"]
[SourceVersion "1"]
[SourceVersionDate "2007.11.25"]
[SourceQuality "1"]
[WhiteTeam "Svit SO"]
[BlackTeam "Kosice Slavia UPJS II"]
[WhiteTeamCountry "SVK"]
[BlackTeamCountry "SVK"]

1. e4 d5 2. exd5 Qxd5 3. Nc3 Qa5 4. Bc4 Nf6 5. d3 c6 6. Bd2 Bf5 7. Qe2 e6 8. h3 Bb4 9. g4 Bg6 10. f4 0-0 11. Nf3 Nd5 12. 0-0 Nxc3 13. bxc3 Bxc3 14. Bxc3 Qxc3 15. h4 h6 16. Ne5 Bh7 17. f5 b5 18. Bb3 c5 19. fxe6 c4 20. dxc4 Qg3+ 21. Kh1 Qh3+ 22. Qh2 Qe3 23. Qf4 Qxf4 24. Rxf4 fxe6 25. Rxf8+ Kxf8 26. cxb5 Ke7 27. Re1 Bg8 28. Ng6+ Kd6 29. Nf8 a6 30. b6 Nc6 31. Nxe6 Ne5 32. Nxg7 Bxb3 33. cxb3 Nxg4 34. Re6+ Kd5 35. Rg6 Ne5 36. Rxh6 Rg8 37. Rh7 Kc6 38. Rh6+ Kb7 39. Re6 Nf3 40. Re7+ Kxb6 41. h5 Nd4 42. Rf7 Kc5 43. Rd7 a5 44. Kh2 Nf3+ 45. Kh3 Ne5 46. Ra7 Nc6 47. Rf7 Nb4 48. h6 Nxa2 49. Rf8 Rxf8 50. Ne6+ Kb4 51. Nxf8 Kxb3 52. h7 a4 53. Ne6 a3 54. Nd4+ Kb2 55. Nb5 1-0

[Event "SVK-chT 0607"]
[Site "Slovakia"]
[Date "2006.12.10"]
[Round "6"]
[White "Kubala, Jan"]
[Black "Kotan, Ladislav"]
[Result "1/2-1/2"]
[WhiteElo "2247"]
[BlackElo "2297"]
[PlyCount "91"]
[EventDate "2006.10.21"]
[EventType "team-tourn"]
[EventRounds "11"]
[EventCountry "SVK"]
[SourceTitle "EXT 2019"]
[Source "ChessBase"]
[SourceDate "2018.10.10"]
[SourceVersion "1"]
[SourceVersionDate "2018.10.10"]
[SourceQuality "1"]
[WhiteTeam "Cadca"]
[BlackTeam "Kosice sachy.sk"]
[WhiteTeamCountry "SVK"]
[BlackTeamCountry "SVK"]

1. e4 e5 2. Nf3 Nc6 3. Bb5 a6 4. Ba4 Nf6 5. 0-0 b5 6. Bb3 Bc5 7. d3 h6 8. c3 d6 9. Nbd2 0-0 10. h3 Bb6 11. Re1 Ne7 12. Nf1 Ng6 13. Ng3 Be6 14. d4 Bxb3 15. Qxb3 Re8 16. d5 Nf4 17. c4 Qd7 18. Be3 Rab8 19. Rac1 bxc4 20. Qxc4 Bxe3 21. Rxe3 Rxb2 22. Qxa6 Reb8 23. Rec3 R8b7 24. a3 Kh7 25. Qc4 Ra7 26. Rb3 Ra2 27. Rbc3 Rb2 28. Rb3 Ra2 29. Rbc3 R2xa3 30. Rxa3 Rxa3 31. Qxc7 Nxh3+ 32. gxh3 Rxf3 33. Qxd7 Nxd7 34. Nf5 Rxh3 35. Rc7 Nf6 36. Nxd6 Kg6 37. Kg2 Rb3 38. Nxf7 Nxe4 39. Nxe5+ Kf5 40. Nc4 g5 41. Rf7+ Kg6 42. Ne5+ Kh5 43. Rf3 Rxf3 44. Kxf3 Nd6 45. Kg3 Ne4+ 46. Kf3 1/2-1/2

[Event "Piestany Pressburg op"]
[Site "Piestany"]
[Date "2006.11.18"]
[Round "6"]
[White "Kotan, Ladislav"]
[Black "Maslik, Miroslav"]
[Result "0-1"]
[WhiteElo "2297"]
[BlackElo "2259"]
[PlyCount "118"]
[EventDate "2006.11.15"]
[EventType "swiss"]
[EventRounds "7"]
[EventCountry "SVK"]
[SourceTitle "EXT 2008"]
[Source "ChessBase"]
[SourceDate "2007.11.25"]
[SourceVersion "1"]
[SourceVersionDate "2007.11.25"]
[SourceQuality "1"]

1. e4 c5 2. Nf3 d6 3. Bc4 e6 4. Qe2 Be7 5. Bb3 Nf6 6. c3 b6 7. 0-0 0-0 8. Rd1 Ba6 9. d3 Nc6 10. a4 d5 11. e5 Nd7 12. Bf4 Re8 13. Na3 f6 14. exf6 Bxf6 15. Nb5 Na5 16. Ba2 Bxb5 17. axb5 Nf8 18. Ne5 Bxe5 19. Bxe5 Qd7 20. b4 Nb7 21. bxc5 bxc5 22. Bb3 Ng6 23. Bg3 Re7 24. Ba4 Qd8 25. h4 Nf8 26. h5 Rf7 27. d4 c4 28. Bc2 Nd6 29. Rdb1 Rb8 30. Bxd6 Qxd6 31. Ra6 Rb6 32. Rba1 Qb8 33. Rxb6 Qxb6 34. Rb1 Qa5 35. Qe3 Rb7 36. h6 g6 37. Bd1 Qa2 38. Rc1 Qa3 39. Bg4 Qd6 40. Re1 Kf7 41. Qf3+ Ke7 42. Qh3 Rxb5 43. Qh4+ Kf7 44. g3 Qe7 45. Qh3 Rb6 46. Re3 Qg5 47. f4 Qf6 48. Qf1 Qd8 49. Re1 a5 50. Qe2 a4 51. Qe5 Qe7 52. f5 gxf5 53. Bxf5 Ke8 54. Bc2 a3 55. Ra1 Rb2 56. Qe2 Kd8 57. Qd2 a2 58. Qc1 Qa3 59. Qg5+ Kc7 0-1

[Event "Piestany Pressburg op"]
[Site "Piestany"]
[Date "2006.11.17"]
[Round "4"]
[White "Kotan, Ladislav"]
[Black "Bury, Rastislav"]
[Result "1-0"]
[WhiteElo "2297"]
[BlackElo "2176"]
[PlyCount "85"]
[EventDate "2006.11.15"]
[EventType "swiss"]
[EventRounds "7"]
[EventCountry "SVK"]
[SourceTitle "EXT 2008"]
[Source "ChessBase"]
[SourceDate "2007.11.25"]
[SourceVersion "1"]
[SourceVersionDate "2007.11.25"]
[SourceQuality "1"]

1. e4 d6 2. d4 c6 3. Nf3 Nf6 4. Bd3 Bg4 5. Nbd2 Nbd7 6. 0-0 e5 7. c3 Be7 8. Re1 0-0 9. h3 Bxf3 10. Nxf3 Re8 11. b3 Qc7 12. Bb2 Nf8 13. c4 exd4 14. Nxd4 N6d7 15. Nf5 Bf6 16. Qd2 Rad8 17. Bxf6 Nxf6 18. Qc3 Re6 19. Re3 Ne8 20. Nd4 Rf6 21. Rae1 Ng6 22. Bf1 Qd7 23. g3 h5 24. h4 Ne5 25. f3 Nc7 26. Kh2 Ne6 27. Bh3 Qe7 28. Nf5 Qf8 29. f4 Nd7 30. Rd1 Nc7 31. e5 dxe5 32. Red3 Qc5 33. Qb2 exf4 34. Rxd7 fxg3+ 35. Kh1 Rxd7 36. Rxd7 Rxf5 37. Rd8+ Kh7 38. Qc2 g6 39. Bxf5 gxf5 40. Qb2 f4 41. Qh8+ Kg6 42. Rg8+ Kf5 43. Qxh5+ 1-0